00533nam a2200157Ia 4500008004100000082002500041100002000066245005900086250001000145260002200155300001100177500002100188650005000209952009900259999001700358120622s9999 xx 000 0 und d a638.10973 M497a 1974 aMcGregor, S. E. aLa apícultura en los Estados Unidos / S. E. McGregor a2a ed aMéxico : Limusa a150 p. aIncluye glosario a1. APICULTURA - ESTADOS UNIDOS \ 2. ABEJASÌ 00104070a22b22d2007-01-25l0o638.10973 M497A 1974p01 005455r2012-06-24w2012-06-24yLB c58560d58560